| 000 | 00640nam a22002177a 4500 | ||
|---|---|---|---|
| 005 | 20251108164256.0 | ||
| 008 | 250721s1994 xx 000 0 ara d | ||
| 082 | 1 | 4 | _a330.1/محم |
| 100 | 1 | _aالليثي، محمد علي | |
| 245 | 1 | 0 | _aالتحليل الإقتصادي / |
| 250 | _aط2. | ||
| 264 | 1 |
_aالاسكندريه : _bجامعة الاسكندريه، _c1994. |
|
| 300 | _a347ص | ||
| 490 | 0 | _aالموسوعة الإقتصادية ؛ 2 | |
| 650 | 1 | 7 | _aالإقتصاد |
| 650 | 1 | 7 | _aالفلسفة |
| 650 | 1 | 7 | _aالنظريات |
| 650 | 1 | 7 | _aالإقتصاد التحليلي |
| 942 |
_2ddc _cBK |
||
| 999 |
_c8100 _d8100 |
||